000 01595nam a2200421 c 4500
001 16257
003 ES-MaCES
005 20150925142050.0
008 040317s2004 sp t 10| | mul d
035 _aCES20040003913m
040 _aES-MaCES
_bspa
_cES-MaCES
041 0 _aspa
_apor
111 2 _aCongreso Ibérico sobre Vertederos
_n
_d2004
_cMadrid
_9858
245 1 0 _aI Congreso Ibérico sobre Vertederos
_hRecurso electrónico
_b: Madrid, 12 y 13 de febrero de 2004
260 _a[Madrid]
_bISRCER, Instituto para la Sostenibilidad de los Recursos
_c2004
300 _a1 CD-ROM
_c12 cm
500 _aTít. tomado de la etiqueta del CD-ROM
500 _aTextos en español y portugués
500 _aTit. del congreso en Portugués: I Congreso Ibérico sobre Aterros Sanitarios
541 _cGratuito
650 4 _adesperdicio
_928267
650 4 _aeliminación de basuras
_928744
650 4 _aincineración de residuos
_931086
650 4 _areciclaje de desperdicios
_929528
650 4 _adegradación del medio ambiente
_930722
650 4 _aprotección ambiental
_929423
650 4 _apolítica ambiental
_929422
650 4 _aseguro de accidentes
_928118
650 4 _aCD ROM
_930331
653 1 0 _aMedio ambiente
650 4 _930344
_aevaluación del impacto ambiental
650 4 _928086
_aimpuesto
710 2 _aAgencia de Educación y Formación Virtual
_91244
711 2 _aCongreso Ibérico sobre Aterros Sanitarios
_n
_d2004
_cMadrid
_9859
902 _aELE PUB. ELECTRONICA
942 _2CES
_cBK
_h4.2.
999 _c16257
_d16257